ბათუმის შოთა რუსთაველის სახელმწიფო უნივერსიტეტის ბიბლიოთეკა

მშრომელთა კეთილდღეობის გაუმჯობესება პარტიის ეკონომიური პოლიტიკის უმაღლესი მიზანია / (ბიბ.ჩანაწერი № 63788)

000 -ლიდერი
ფიქსირებული სიგრძის საკონტროლო ველი 01179nam a22001817a 4500
003 - საკონტროლო ნომრის იდენტიფიკატორი
საკონტროლო ველი Ge_BSU
005 - ბოლო ოპერაციის თარიღი და დრო
საკონტროლო ველი 20260113204607.0
008 - ფიქსირებული სიგრძის მონაცემთა ელემენტები - ზოგადი ინფორმაცია
ფიქსირებული სიგრძის საკონტროლო ველი 260113s1973 ge ||||| |||| 00| 0 geo d
041 ## - ენის კოდი
Language code of text/sound track or separate title geo
080 ## - უნივერსალური ათობითი კლასიფიკაციის ინდექსი
Universal Decimal Classification number 330.12(47+57) :329.150.5:338.2 ნ-38
100 ## - მთავარი ჩანაწერი - პიროვნების სახელი
Personal name ნაჭყებია, ლ.
9 (RLIN) 7410
245 ## - ცნობა სათაურის შესახებ
Title მშრომელთა კეთილდღეობის გაუმჯობესება პარტიის ეკონომიური პოლიტიკის უმაღლესი მიზანია /
Statement of responsibility, etc ლ. ნაჭყებია; საქართველოს კპ ცკ-ის და თბილისის კომ-ტის პოლიტ. განათლ. რესპ. სახლი.
264 ## - წარმოების, გამოცემის, დისტრიბუციის და სხვა ცნობები
გამოცემის, წარმოების, დისტრიბუციის... ადგილი თბილისი :
გამოცემის, წარმოების, დისტრიბუციის... სახელწოდება საქართველოს კპ ცკ-ის გამ-ბა,
გამოცემის, წარმოების, დისტრიბუციის... თარიღი 1973.
300 ## - ფიზიკური აღწერა
Extent 99 გვ. ;
Other physical details 16 სმ.
653 ## - INDEX TERM--UNCONTROLLED
Uncontrolled term მშრომელთა კეთილდღეობის გაუმჯობესება სსრ კავშირში
653 ## - INDEX TERM--UNCONTROLLED
Uncontrolled term სკკპ ეკონომიური პოლიტიკა
942 ## - ADDED ENTRY ELEMENTS (KOHA)
Source of classification or shelving scheme
Koha item type წიგნი
ეგზემპლარები
ჩამოწერის სტატუსი დაკარგული ეგზემპლარის სტატუსი კლასიფიკაციის წყარო ან თაროზე გაწყობის სქემა დაზიანების სტატუსი არ გაიცემა მუდმივი მდებარეობა (დაცვის ადგილი) ამჟამინდელი ადგილსამყოფელი თაროზე განთავსების ადგილი შეძენის თარიღი ღირებულება, შესყიდვის ნორმალური ფასი სრული შენახვის შიფრი შტრიხკოდი ბოლო ოპერაციის თარიღი ეგზემპლარის მიმდევრობითი ნომერი (კეტერი?) ფასის ძალაში შესვლის თარიღი ეგზემპლარის სახეობა საჯარო შენიშვნა
          ბათუმის შოთა რუსთაველის სახელმწიფო უნივერსიტეტის მთავარი ბიბლიოთეკა ბათუმის შოთა რუსთაველის სახელმწიფო უნივერსიტეტის მთავარი ბიბლიოთეკა წიგნსაცავი 2026-01-13 0.28 330.12(47+57) :329.150.5:338.2 ნ-38 73426 2026-01-13 73426 2026-01-13 წიგნი 0.28 თ.
          ბათუმის შოთა რუსთაველის სახელმწიფო უნივერსიტეტის მთავარი ბიბლიოთეკა ბათუმის შოთა რუსთაველის სახელმწიფო უნივერსიტეტის მთავარი ბიბლიოთეკა წიგნსაცავი 2026-01-13 0.28 330.12(47+57) :329.150.5:338.2 ნ-38 73425 2026-01-13 73425 2026-01-13 წიგნი 0.28 თ.